000 00490nam a2200169Ia 4500
008 090711s9999 xx 000 0 und d
082 _b73327
100 _aधुळे प्रकाश
245 _aशब्द सावल्या
260 _c1994
300 _a51
600 _aधुळे प्रकाश
630 _aशब्द सावल्या
700 _aधुळे प्रकाश
730 _aशब्द सावल्या
942 _cBOOK
999 _c292477
_d292477